| LEADER |
01050nas0a2200313 450 |
| 001 |
16868264 |
| 011 |
|
|
|b Br.
|d 6,5
|
| 100 |
|
|
|a 20260506d2026 u u0frey01 ba
|
| 101 |
0 |
|
|a fre
|
| 102 |
|
|
|a FR
|
| 110 |
0 |
|
|a afu 0uu0
|
| 200 |
0 |
|
|a GEO
|f Arnaud Lagardère
|
| 207 |
|
1 |
|a 567
|
| 210 |
|
|
|a Gennevilliers
|c Prisma média
|
| 215 |
|
|
|a 1 vol. (122 p.)
|c Couv. ill coul
|d 27x21cm cm
|
| 464 |
|
|
|a Iles de Provence : des bulles de sérénité sur la grande bleue
|
| 464 |
|
|
|a iles du Frioul
|
| 464 |
|
|
|a Sainte-Marguerite
|
| 464 |
|
|
|a Ile d'or
|
| 464 |
|
|
|a Porquerolles
|
| 464 |
|
|
|a Ile du Levant
|
| 464 |
|
|
|a Colombie : de la coca à la cocaïne, des paysans sous emprise
|
| 464 |
|
|
|a Québèc : comme un trappeur sur la route des fourrures
|
| 464 |
|
|
|a La Réunion : Hell-Bourg, village-paradis sous les Tropiques
|
| 676 |
|
|
|a 070.17
|
| 700 |
|
0 |
|a Lagardère
|b Arnaud
|4 340
|
| 900 |
|
|
|a Revues et magazines
|
| 901 |
|
|
|a Adultes
|
| 995 |
|
|
|a Médiathèque
|c Médiathèque
|f 089021844
|h 089021844
|k 070.17 GEO 567
|o p
|q a
|r az
|e Médiathèque
|